| 000 | 00915nam a2200265 i 4500 | ||
|---|---|---|---|
| 001 | 000047401 | ||
| 003 | DO-SdBNP | ||
| 005 | 20240316073902.0 | ||
| 006 | a|||||r|||| 00| 0 | ||
| 007 | ta | ||
| 008 | 180515s2002 dr a 000 spa d | ||
| 040 |
_aDO-SdBNP _bspa _cBNPHU _erda |
||
| 082 | 4 |
_222 _bS446c |
|
| 110 | 1 |
_aSecretaría de Estado de Educación _912759 _eautor |
|
| 245 | 0 |
_aCalendario escolar 2002-2003. / _cFotógrafo, José Thomas; cuidado de la edición, Tomás Castro Burdiez |
|
| 264 | 1 |
_aSanto Domingo : _bSecretaria de Estado de Educación, _c2002. |
|
| 300 |
_a38 páginas : _bIlustraciones, gráficas ; _c23 cm. |
||
| 336 |
_2rdacontent _atexto _btxt |
||
| 337 |
_2rdamedia _asin mediación _bn |
||
| 338 |
_2rdacarrier _avolumen _bnc |
||
| 590 | _aInventariado, 2023 / MF | ||
| 700 | 1 |
_aThomas, José, _975293 _efotógrafo |
|
| 700 |
_aCastro, Tomás, _d1959- _eeditor _924641 |
||
| 942 |
_2ddc _cLF2 |
||
| 999 |
_c46889 _d46889 |
||